[Event "BL2-Ost 0203"]
[Site "?"]
[Date "2003.02.09"]
[Round "6.4"]
[White "Krug Norbert"]
[Black "Ruettinger Johannes"]
[Result "1-0"]
[WhiteElo "2264"]
[BlackElo "2230"]
[PlyCount "77"]
[EventDate "2003.??.??"]
[Source "www.chesslib.no"]
[SourceDate "2004.05.04"]

1. d4 f5 2. c4 Nf6 3. g3 g6 4. Bg2 Bg7 5. Nh3 O-O 6. O-O d6 7. d5 Na6 8. Nd2 e5 9. dxe6 Nc5 10. Nf4 c6 11. Nf3 Nxe6 12. Qc2 Ne4 13. Be3 Nxf4 14. Bxf4 g5 15. Be3 f4 16. Bd4 Qe7 17. Bxg7 Kxg7 18. Nd4 Nf6 19. Nf5+ Bxf5 20. Qxf5 Nd7 21. Qe4 Qf6 22. Rad1 Rae8 23. Qd3 Ne5 24. Qd4 Rf7 25. b3 Ng6 26. Bf3 Qxd4 27. Rxd4 Rf6 28. Rfd1 Rd8 29. Re4 Kf7 30. Bg4 Re8 31. Red4 Ke7 32. Bh5 Ref8 33. Re4+ Ne5 34. c5 Re6 35. cxd6+ Kf6 36. gxf4 gxf4 37. Rxf4+ Kg7 38. Rxf8 Kxf8 39. d7 1-0

[Event "Oberliga Wuert9697"]
[Site "Wuerttemberg"]
[Date "1996.??.??"]
[Round "?"]
[White "Haas, Wilhelm"]
[Black "Voigt, Martin"]
[Result "0-1"]
[WhiteElo "2250"]
[BlackElo "2235"]
[PlyCount "152"]
[EventDate "1996.09.??"]
[Source "www.chesslib.no"]
[SourceDate "2004.05.04"]

1. d4 f5 2. c4 Nf6 3. g3 g6 4. Bg2 Bg7 5. Nc3 O-O 6. Nh3 d6 7. Qb3 c6 8. d5 Qb6 9. Be3 c5 10. O-O Bd7 11. Qc2 Na6 12. a3 Qd8 13. Nf4 Ng4 14. Bd2 Ne5 15. b3 Nc7 16. Rae1 Qe8 17. Nd3 b5 18. Nxe5 Bxe5 19. f4 Bg7 20. e4 bxc4 21. bxc4 fxe4 22. Qxe4 Rf7 23. Qe2 Rb8 24. Ne4 Bd4+ 25. Kh1 h6 26. g4 Rb2 27. Qd3 Qf8 28. h3 Qg7 29. Rb1 Ba4 30. Rxb2 Bxb2 31. Rb1 Qd4 32. Qxd4 Bxd4 33. Rb7 Ne8 34. Rxa7 Bb3 35. Bf1 Bc2 36. Ng3 e5 37. Ra8 Rf8 38. f5 Bf2 39. Kg2 Bxg3 40. Kxg3 gxf5 41. Bxh6 f4+ 42. Kf2 Ng7 43. Ra6 Rd8 44. Ra7 Ne8 45. g5 Rb8 46. Re7 Bg6 47. Be2 Rb2 48. Ke1 e4 49. Bg4 e3 50. Be6+ Kh8 51. Bf7 Bd3 52. Rxe8+ Kh7 53. Bh5 Rb1+ 54. Bd1 Bc2 55. Ke2 Bxd1+ 56. Kd3 Bf3 57. Re7+ Kg6 58. Re6+ Kh5 59. Bg7 Kxg5 60. Kc3 e2 61. Kc2 Rd1 62. a4 Bh5 63. Bf6+ Kf5 64. Bh4 Ra1 65. Kd3 Ra3+ 66. Kd2 Rxa4 67. Rxd6 Rxc4 68. Rf6+ Ke4 69. d6 Rd4+ 70. Kc2 Kf3 71. Rh6 Be8 72. Re6 Bb5 73. Be1 Kg2 74. Bc3 Rd5 75. h4 f3 76. h5 f2 0-1

[Event "Corr"]
[Site "?"]
[Date "2003.09.26"]
[Round "?"]
[White "Cehajic Mustafa"]
[Black "Flor Trejo Remigio Francisco"]
[Result "0-1"]
[WhiteElo "2281"]
[BlackElo "2197"]
[PlyCount "158"]
[EventDate "2003.??.??"]
[Source "www.chesslib.no"]
[SourceDate "2004.05.04"]

1. d4 f5 2. c4 Nf6 3. g3 g6 4. Bg2 Bg7 5. Qb3 c6 6. Nf3 d6 7. O-O O-O 8. Rd1 h6 9. Nc3 Nbd7 10. Qc2 Qe8 11. b3 Qf7 12. Bb2 e5 13. dxe5 dxe5 14. e4 fxe4 15. Nh4 e3 16. fxe3 Ng4 17. Re1 Qf2+ 18. Qxf2 Rxf2 19. Nd1 Rc2 20. Nxg6 Nc5 21. Ne7+ Kh8 22. Bc3 Nd3 23. Rf1 Be6 24. Ng6+ Kg8 25. Be4 Rd8 26. h3 Nxe3 27. Nxe3 Rxc3 28. Ne7+ Kh8 29. Bf5 Re8 30. Bxe6 Rxe7 31. Bg4 e4 32. Nf5 Re5 33. Nd6 Kg8 34. Nxb7 h5 35. Bf5 e3 36. Bxd3 Rxd3 37. Rad1 Rxd1 38. Rxd1 Rf5 39. Kg2 Rf2+ 40. Kg1 Rf7 41. Nc5 e2 42. Rd8+ Bf8 43. Nd3 Rf3 44. Ne1 Rf1+ 45. Kg2 Rxe1 46. Re8 Kf7 47. Kf2 Rf1+ 48. Kxe2 Ra1 49. Re3 Rxa2+ 50. Kf3 a5 51. Re5 Rb2 52. Rf5+ Kg7 53. Rxa5 Rxb3+ 54. Kf4 Rc3 55. Rxh5 Rxc4+ 56. Kf3 Rc3+ 57. Kf2 Kg6 58. g4 c5 59. Ke2 c4 60. Rf5 Be7 61. Re5 Kf7 62. Re4 Bg5 63. Re5 Rc2+ 64. Kd1 Rc1+ 65. Ke2 Be7 66. Kd2 Ra1 67. Rf5+ Ke6 68. Kc3 Ra4 69. Kc2 Bd6 70. Rb5 Be5 71. Rc5 Ra2+ 72. Kb1 Rb2+ 73. Kc1 c3 74. Kd1 Bd4 75. Rc7 Kd5 76. h4 Ke4 77. Ke1 Kd3 78. Kf1 Rf2+ 79. Kg1 c2 0-1

[Event "Doeberl Cup"]
[Site "Canberra"]
[Date "1996.??.??"]
[Round "5"]
[White "Allen, Andrew"]
[Black "Depasquale, Chris"]
[Result "0-1"]
[WhiteElo "2205"]
[BlackElo "2255"]
[PlyCount "65"]
[EventDate "1996.??.??"]
[Source "ChessBase"]

1. d4 f5 2. c4 Nf6 3. g3 g6 4. Nc3 Bg7 5. Bg2 c6 6. Nf3 O-O 7. O-O Ne4 8. Qb3 Kh8 9. d5 Nxc3 10. bxc3 Qa5 11. Rb1 e5 12. Bg5 Re8 13. d6 Na6 14. Be7 Nc5 15. Qc2 Qa4 16. Qd2 Ne4 17. Qd3 b6 18. Rb4 Qxa2 19. Rfb1 Ba6 20. Ng5 Nc5 21. Qe3 Bxc4 22. R1b2 Qa1+ 23. Rb1 Qa6 24. Bf1 h6 25. Nf3 Ne4 26. h4 c5 27. R4b2 Qa3 28. Rc2 Qa4 29. Rcb2 Qc6 30. Bh3 Nxd6 31. h5 Rxe7 32. hxg6 Rf8 33. Nh4 0-1

[Event "L1.1999.0.00006"]
[Site "?"]
[Date "1999.??.??"]
[Round "?"]
[White "Lund Jens Dahlen"]
[Black "Green Peter"]
[Result "1-0"]
[WhiteElo "2190"]
[BlackElo "2269"]
[PlyCount "69"]
[EventDate "1999.??.??"]
[Source "www.chesslib.no"]
[SourceDate "2004.05.04"]

1. d4 f5 2. c4 Nf6 3. g3 g6 4. Bg2 Bg7 5. Nc3 O-O 6. Nh3 d6 7. Bg5 c6 8. Qd2 e5 9. d5 c5 10. e4 Nbd7 11. exf5 gxf5 12. O-O Nb6 13. b3 Bd7 14. Rae1 a6 15. Bh4 Nc8 16. Ng5 Rb8 17. Qc2 Ne7 18. Ne6 Bxe6 19. dxe6 Qe8 20. Qd2 Nc8 21. Nd5 e4 22. Bxf6 Bxf6 23. Nxf6+ Rxf6 24. f3 e3 25. Rxe3 f4 26. Re4 fxg3 27. hxg3 Qe7 28. f4 Na7 29. g4 Nc6 30. f5 Rbf8 31. Bh3 h6 32. g5 hxg5 33. Qxg5+ Qg7 34. Rg4 Qxg5 35. Rxg5+ 1-0

[Event "Brésil (70eme championnat)"]
[Site "?"]
[Date "2004.02.29"]
[Round "5.12"]
[White "Borges Guilherme"]
[Black "Ueti Silvio"]
[Result "1/2-1/2"]
[WhiteElo "2134"]
[BlackElo "2315"]
[PlyCount "53"]
[EventDate "2004.??.??"]
[Source "www.chesslib.no"]
[SourceDate "2004.05.04"]

1. d4 f5 2. c4 Nf6 3. g3 g6 4. Bg2 Bg7 5. Nc3 O-O 6. e3 d6 7. Nge2 e5 8. dxe5 dxe5 9. Qxd8 Rxd8 10. e4 c6 11. O-O Na6 12. Be3 Ng4 13. Bg5 Bf6 14. Bxf6 Nxf6 15. Rad1 Be6 16. b3 fxe4 17. Nxe4 Nxe4 18. Bxe4 Nc5 19. Nc3 Bg4 20. Rxd8+ Rxd8 21. f3 Bh3 22. Rd1 Rxd1+ 23. Nxd1 Nxe4 24. fxe4 Bg4 25. Nc3 Kf7 26. Kf2 Ke7 27. Ke3 1/2-1/2

[Event "Dresden (22.02.-28.02)"]
[Site "?"]
[Date "2004.02.??"]
[Round "1"]
[White "Kelchner Hans"]
[Black "Brameyer Hermann"]
[Result "1-0"]
[WhiteElo "2147"]
[BlackElo "2286"]
[PlyCount "120"]
[EventDate "2004.??.??"]
[Source "www.chesslib.no"]
[SourceDate "2004.05.04"]

1. d4 f5 2. c4 Nf6 3. g3 g6 4. Nc3 Bg7 5. Bg2 O-O 6. Nh3 d6 7. Qb3 c6 8. c5+ Kh8 9. cxd6 exd6 10. Bg5 h6 11. Bxf6 Qxf6 12. e3 Nd7 13. Nf4 Re8 14. O-O-O Nf8 15. h4 d5 16. Rhe1 Qd8 17. Nd3 b6 18. f4 Be6 19. Ne5 b5 20. Kb1 a5 21. Nd3 Nd7 22. Rc1 a4 23. Qb4 Qb8 24. Ne2 Bf8 25. Qc3 Rc8 26. Nb4 Nb6 27. Ng1 Nc4 28. Nf3 Qd6 29. a3 Ra7 30. Bf1 Bg7 31. Ne5 Kh7 32. Nbd3 Rb7 33. Nc5 Rb6 34. Qb4 Rbb8 35. Bd3 Bf8 36. g4 Be7 37. h5 Rf8 38. Nxg6 Rf7 39. Ne5 Nxe5 40. fxe5 Qc7 41. Rf1 Qc8 42. Qc3 Bxc5 43. Qxc5 Kg8 44. gxf5 Bxf5 45. Bxf5 Rxf5 46. Rg1+ Rg5 47. Qxc6 Qxc6 48. Rxg5+ hxg5 49. Rxc6 b4 50. axb4 Rxb4 51. Rg6+ Kf7 52. Rxg5 Rb3 53. Rf5+ Ke6 54. Rf6+ Ke7 55. Ra6 Rxe3 56. Rxa4 Ke6 57. Ra3 Re1+ 58. Kc2 Rh1 59. Rf3 Ke7 60. Rf6 Rh4 1-0

[Event "Foment Open"]
[Site "Foment"]
[Date "1995.??.??"]
[Round "2"]
[White "Vidarte Morales, Arturo"]
[Black "Herrera, Laura"]
[Result "1-0"]
[WhiteElo "2360"]
[BlackElo "2065"]
[PlyCount "75"]
[EventDate "1995.??.??"]
[Source "www.chesslib.no"]
[SourceDate "2004.05.04"]

1. d4 f5 2. c4 Nf6 3. g3 g6 4. Bg2 Bg7 5. Nc3 O-O 6. Nh3 d6 7. d5 Na6 8. O-O Nc5 9. Nf4 g5 10. Nd3 Nce4 11. Na4 Bd7 12. f3 Qe8 13. b3 Ng4 14. fxg4 Bxa1 15. gxf5 Bd4+ 16. e3 Nc3 17. Qc2 Nxa4 18. exd4 Nb6 19. g4 c6 20. dxc6 bxc6 21. Re1 Qf7 22. a4 e6 23. a5 exf5 24. axb6 axb6 25. d5 c5 26. Bb2 Rae8 27. Rf1 Qg6 28. Nf2 Re3 29. Nd1 Re7 30. Qd3 f4 31. Qxg6+ hxg6 32. Bf3 b5 33. Kf2 Kf7 34. Re1 bxc4 35. bxc4 Rb8 36. Bc3 Ba4 37. Nb2 Reb7 38. Nxa4 1-0

[Event "Sao Paulo op"]
[Site "Sao Paulo"]
[Date "2000.??.??"]
[Round "2"]
[White "Maia, Luciano M"]
[Black "Freitas, Romeu S"]
[Result "1/2-1/2"]
[WhiteElo "2187"]
[BlackElo "2238"]
[PlyCount "47"]
[EventDate "2000.??.??"]
[Source "www.chesslib.no"]
[SourceDate "2004.05.04"]

1. d4 f5 2. c4 Nf6 3. g3 g6 4. Bg2 Bg7 5. Nc3 O-O 6. Nh3 d6 7. d5 c5 8. O-O Na6 9. Nf4 Nc7 10. Rb1 g5 11. Nd3 h6 12. Bd2 Qe8 13. a3 Qh5 14. e4 Qxd1 15. Rbxd1 fxe4 16. Nxe4 Bf5 17. Rfe1 b5 18. cxb5 Nxb5 19. a4 Nd4 20. Bc3 Ng4 21. h3 Ne5 22. Nxe5 Bxe5 23. Nxc5 Nc2 24. Rxe5 1/2-1/2

[Event "FRA-chT2 0203"]
[Site "?"]
[Date "2003.02.02"]
[Round "7"]
[White "Heurtebize Olivier"]
[Black "Germes Bernard"]
[Result "0-1"]
[WhiteElo "2283"]
[BlackElo "2140"]
[PlyCount "54"]
[EventDate "2003.??.??"]
[Source "www.chesslib.no"]
[SourceDate "2004.05.04"]

1. d4 f5 2. c4 Nf6 3. g3 g6 4. Bg2 Bg7 5. Nc3 d6 6. d5 Nbd7 7. Nh3 Nc5 8. Nf4 O-O 9. O-O a5 10. Qc2 Bd7 11. Be3 Na6 12. Rae1 Ng4 13. Bd2 Qe8 14. e4 Ne5 15. Ne6 Bxe6 16. dxe6 c6 17. exf5 gxf5 18. b3 Nb4 19. Qb1 Nbd3 20. Rd1 f4 21. Be4 Qh5 22. Bxd3 Qh3 23. Bxh7+ Kh8 24. f3 fxg3 25. hxg3 Qxg3+ 26. Kh1 Nxf3 27. Rxf3 Qxf3+ 0-1

[Event "Obro Nytaar op"]
[Site "Copenhagen"]
[Date "1996.??.??"]
[Round "5"]
[White "Bekker Jensen, David"]
[Black "Thuesen, Mogens"]
[Result "1-0"]
[WhiteElo "2190"]
[BlackElo "2230"]
[PlyCount "77"]
[EventDate "1996.12.27"]
[Source "www.chesslib.no"]
[SourceDate "2004.05.04"]

1. d4 f5 2. c4 Nf6 3. g3 g6 4. Bg2 Bg7 5. Nh3 O-O 6. O-O d6 7. d5 Na6 8. Nc3 Bd7 9. Rb1 c5 10. Nf4 Nc7 11. b3 Rb8 12. Bb2 g5 13. Nh3 h6 14. f4 Ng4 15. fxg5 Ne3 16. Qd2 Nxf1 17. Rxf1 hxg5 18. Nxg5 Qe8 19. Nd1 Qg6 20. h4 b5 21. Qa5 Rb7 22. Bxg7 Qxg7 23. Kh2 Ne8 24. cxb5 Nf6 25. Ne3 Rxb5 26. Qxa7 Rb4 27. Bh3 f4 28. Bxd7 fxe3 29. Ne6 Ng4+ 30. Kg2 Rxf1 31. Nxg7 Rf2+ 32. Kg1 Rd4 33. Be6+ Kh7 34. Bf5+ Kh6 35. Bc2 Rd2 36. Nf5+ Rxf5 37. Bxf5 Rd1+ 38. Kg2 Nf2 39. Qxe7 1-0

[Event "1st It, Odivelas POR"]
[Site "?"]
[Date "2000.??.??"]
[Round "4"]
[White "Guerra, V."]
[Black "Fernando, D."]
[Result "1-0"]
[WhiteElo "2155"]
[BlackElo "2255"]
[PlyCount "85"]
[EventDate "2000.??.??"]
[Source "www.chesslib.no"]
[SourceDate "2004.05.04"]

1. d4 f5 2. c4 Nf6 3. g3 g6 4. Bg2 Bg7 5. Nc3 O-O 6. h4 d6 7. d5 c6 8. Nh3 Qe8 9. O-O Na6 10. Qc2 Bd7 11. a3 Ng4 12. b3 h6 13. Bd2 Nc7 14. Rae1 e5 15. dxe6 Nxe6 16. e4 Nd4 17. Qd1 Qf7 18. f3 Ne5 19. Be3 Ndxf3+ 20. Bxf3 Nxf3+ 21. Rxf3 Bxc3 22. Bxh6 Bxe1 23. Bxf8 Rxf8 24. Ng5 Qe7 25. Qxe1 d5 26. cxd5 cxd5 27. e5 d4 28. Rd3 f4 29. Qe4 Bf5 30. Qd5+ Kg7 31. Rxd4 fxg3 32. e6 Qc7 33. Qd7+ Qxd7 34. Rxd7+ Kg8 35. Rxb7 a5 36. Ra7 Re8 37. Rxa5 Bxe6 38. Re5 Rb8 39. Rxe6 Rxb3 40. Rxg6+ Kh8 41. Ra6 Rb2 42. Ne4 Rb3 43. Kg2 1-0

[Event "Bayern-ch Bank Hofmann 3rd"]
[Site "Bad Wiessee"]
[Date "1999.10.28"]
[Round "6"]
[White "Vukovic, Ivo"]
[Black "Pruefer, Stefan"]
[Result "0-1"]
[WhiteElo "2279"]
[BlackElo "2129"]
[PlyCount "112"]
[EventDate "1999.10.23"]
[Source "www.chesslib.no"]
[SourceDate "2004.05.04"]

1. d4 f5 2. c4 Nf6 3. g3 g6 4. Nc3 Bg7 5. Bg2 d6 6. Nh3 O-O 7. Nf4 c6 8. h4 Qe8 9. d5 Na6 10. dxc6 bxc6 11. Qa4 Nb8 12. Nh3 e5 13. Qa3 Qe7 14. Bg5 Bb7 15. Rd1 h6 16. Bc1 Rd8 17. O-O Bf8 18. Qa5 Kh7 19. b3 Na6 20. Ba3 Qc7 21. Qxc7+ Nxc7 22. Rd2 d5 23. Bxf8 Rxf8 24. cxd5 cxd5 25. Rfd1 Rad8 26. e3 Kg7 27. Kf1 Ba6+ 28. Kg1 Bb7 29. Na4 Ne6 30. Re1 Rf7 31. Nb2 Ne4 32. Bxe4 fxe4 33. Red1 Rc8 34. Kg2 Kf6 35. Ng1 d4 36. Nc4 Rd7 37. Kh2 g5 38. exd4 exd4 39. Re1 Nc5 40. Nh3 Nd3 41. Rg1 Rxc4 42. bxc4 Ne5 43. Rb2 Nf3+ 44. Kg2 Nxg1 45. Kxg1 d3 46. Rd2 Rd4 47. Kf1 Rxc4 48. f3 Rc1+ 49. Kf2 Rh1 50. hxg5+ hxg5 51. Ng1 e3+ 52. Kxe3 Rxg1 53. Rxd3 Rxg3 54. Kf2 Rh3 55. Rb3 Bd5 56. Ra3 Ke5 0-1

[Event "Buenos Aires ARG"]
[Site "?"]
[Date "2006.03.23"]
[Round "3.26"]
[White "Lopez Diego"]
[Black "Dibenedetto Guillermo"]
[Result "1/2-1/2"]
[WhiteElo "2120"]
[BlackElo "2282"]
[PlyCount "98"]
[EventDate "2006.??.??"]
[Source "www.chesslib.no"]
[SourceDate "2004.05.04"]

1. d4 f5 2. c4 Nf6 3. g3 g6 4. Bg2 Bg7 5. Nh3 d6 6. d5 O-O 7. Nf4 c6 8. Nc3 e5 9. dxe6 Na6 10. h4 Nc5 11. h5 g5 12. h6 Bh8 13. Nh3 g4 14. Nf4 Qe7 15. Be3 Bxe6 16. Qc2 Ncd7 17. Rd1 Ne5 18. b3 Nf7 19. Qd2 Rfe8 20. Kf1 a6 21. Bd4 Rac8 22. Nh5 b5 23. cxb5 axb5 24. Rc1 d5 25. b4 Ra8 26. Nd1 Bd7 27. a3 Nxh5 28. Rxh5 Bxd4 29. Qxd4 Qe5 30. Qd3 Qf6 31. Ne3 Qg6 32. Rh4 Rad8 33. Qd2 Qg5 34. Rd1 f4 35. Nc2 fxg3 36. Qxg5+ Nxg5 37. fxg3 Nf7 38. e4 dxe4 39. Ne3 Ne5 40. Bxe4 Ng6 41. Bxg6 Rxe3 42. Bh5 Rxg3 43. Kf2 Rf3+ 44. Kg2 Rff8 45. Bxg4 Bxg4 46. Rxg4+ Kh8 47. Rgd4 Rg8+ 48. Kf3 Rgf8+ 49. Kg2 Rg8+ 1/2-1/2

[Event "Marseille"]
[Site "?"]
[Date "2005.07.01"]
[Round "8.1"]
[White "Foisor Cristina Adela"]
[Black "Fernandez Laura"]
[Result "1-0"]
[WhiteElo "2406"]
[BlackElo "1990"]
[PlyCount "135"]
[EventDate "2005.??.??"]
[Source "www.chesslib.no"]
[SourceDate "2004.05.04"]

1. d4 f5 2. c4 Nf6 3. g3 g6 4. Bg2 Bg7 5. Nc3 d6 6. d5 c6 7. Nh3 O-O 8. O-O h6 9. Rb1 e5 10. dxe6 Bxe6 11. Nf4 Bf7 12. b3 Qe7 13. Bb2 Nbd7 14. Re1 g5 15. Nd3 Bg6 16. e3 Ne4 17. Qc2 Qf7 18. Rbd1 Rad8 19. Ne2 f4 20. exf4 Nec5 21. Nec1 Nxd3 22. Nxd3 Nc5 23. Bf1 gxf4 24. Bxg7 Qxg7 25. Qb2 Qxb2 26. Nxb2 fxg3 27. hxg3 Ne4 28. Bd3 Nxf2 29. Bxg6 Nxd1 30. Nxd1 Kg7 31. Bh5 Kf6 32. Kg2 d5 33. Nf2 Kg5 34. Bf3 dxc4 35. Ne4+ Kg6 36. bxc4 Rd3 37. Bd1 Rd4 38. c5 Rb4 39. Kh3 Rd8 40. Nd6 b6 41. Re6+ Kg7 42. Bh5 Rf8 43. Ne8+ Kh7 44. Rxc6 Rb5 45. Bg6+ Kh8 46. Bd3 Rxc5 47. Rxh6+ Kg8 48. Rg6+ Kf7 49. Nd6+ Ke7 50. Kg4 Rd8 51. Nf5+ Kf7 52. Nh6+ Ke7 53. Bf5 Rd2 54. Rg7+ Kf6 55. Rf7+ Ke5 56. Rxa7 Rc3 57. Re7+ Kd4 58. Be6 Rg2 59. Nf5+ Kd3 60. Bb3 Rc5 61. Nh4 Rf2 62. Ng6 Rff5 63. Nf4+ Kc3 64. Kf3 Rf8 65. g4 Rb5 66. Kg3 Rc5 67. Ne6 Re5 68. Rc7+ 1-0

[Event "PanAm Junior, Yucay PER"]
[Site "?"]
[Date "2001.??.??"]
[Round "8"]
[White "Pacheco, M."]
[Black "Della Morte, P."]
[Result "0-1"]
[WhiteElo "2200"]
[BlackElo "2185"]
[PlyCount "180"]
[EventDate "2001.??.??"]
[Source "www.chesslib.no"]
[SourceDate "2004.05.04"]

1. d4 f5 2. c4 Nf6 3. g3 g6 4. Bg2 Bg7 5. Nh3 d6 6. Nc3 O-O 7. d5 Na6 8. O-O Nc5 9. Be3 Ng4 10. Bd4 e5 11. dxe6 Bxd4 12. Qxd4 Nxe6 13. Qd2 Qf6 14. Nd5 Qg7 15. Rad1 a5 16. Nhf4 Nc5 17. Qd4 Ne5 18. h4 a4 19. Rd2 Rb8 20. Rb1 Re8 21. b4 axb3 22. axb3 Ne4 23. Bxe4 fxe4 24. Ne3 Bf5 25. Kg2 Qf7 26. Ra1 Red8 27. Qd5 c6 28. Qxf7+ Kxf7 29. Ra7 Rd7 30. b4 Kg7 31. b5 Rbd8 32. Rd4 Kf6 33. f3 exf3+ 34. exf3 h5 35. Nxf5 Kxf5 36. Nh3 cxb5 37. cxb5 d5 38. Ra2 Rc8 39. Re2 Rc4 40. Red2 Rxd4 41. Rxd4 Nc4 42. Nf4 Ke5 43. Rd3 Rd6 44. Kf2 d4 45. Rb3 Kf5 46. Ke2 b6 47. Rb4 Ne5 48. Nd3 Nf7 49. Nf4 Rd8 50. Ra4 Ne5 51. Nd3 Rd5 52. Rb4 Nd7 53. Rc4 Ne5 54. Rb4 Nxd3 55. Kxd3 Ke6 56. Rxd4 Rxb5 57. Ke4 Re5+ 58. Kf4 Rf5+ 59. Ke4 Rb5 60. g4 Rb1 61. Kf4 Rb5 62. Re4+ Kf7 63. Rc4 Ke7 64. Rc7+ Ke6 65. Rb7 Rb3 66. g5 Rb4+ 67. Kg3 Rb1 68. Rg7 Kf5 69. Rf7+ Ke5 70. Rf6 b5 71. Rxg6 b4 72. f4+ Kd5 73. Rb6 Rb3+ 74. Kf2 Rb2+ 75. Ke3 Rb3+ 76. Ke2 Ke4 77. Rf6 Re3+ 78. Kd2 Rh3 79. g6 Rxh4 80. f5 Rg4 81. Rf7 h4 82. g7 h3 83. f6 h2 84. Re7+ Kd4 85. g8=Q Rxg8 86. Rh7 Rg2+ 87. Ke1 Rg1+ 88. Kf2 h1=Q 89. Rxh1 Rxh1 90. f7 Rh8 0-1

[Event "Austria"]
[Site "?"]
[Date "2004.10.16"]
[Round "1"]
[White "Toefferl Heimo"]
[Black "Winiwarter Felix"]
[Result "1/2-1/2"]
[WhiteElo "2161"]
[BlackElo "2219"]
[PlyCount "51"]
[EventDate "2004.??.??"]
[Source "www.chesslib.no"]
[SourceDate "2004.05.04"]

1. d4 f5 2. c4 Nf6 3. g3 g6 4. Bg2 Bg7 5. Nh3 O-O 6. O-O d6 7. b3 e5 8. Bb2 exd4 9. Bxd4 Nc6 10. Bc3 Qe7 11. Nd2 Bd7 12. Re1 Rae8 13. Nf4 Bc8 14. Qc2 Qf7 15. Rad1 Kh8 16. Qb2 Ne5 17. Nd3 Nxd3 18. exd3 Ng4 19. d4 f4 20. Rxe8 Rxe8 21. Nf3 fxg3 22. hxg3 Qf6 23. Rc1 Qf8 24. d5 Bxc3 25. Qxc3+ Qg7 26. Qxg7+ 1/2-1/2

[Event "Santiago CC Aj Talcahuano "]
[Site "?"]
[Date "2003.08.02"]
[Round "3"]
[White "Vizama Riveros Claudio"]
[Black "Henriquez Pacheco Daniel"]
[Result "1-0"]
[WhiteElo "2198"]
[BlackElo "2174"]
[PlyCount "70"]
[EventDate "2003.??.??"]
[Source "www.chesslib.no"]
[SourceDate "2004.05.04"]

1. d4 f5 2. c4 Nf6 3. g3 g6 4. Bg2 Bg7 5. Nh3 O-O 6. O-O c5 7. d5 Na6 8. Nc3 d6 9. Nf4 Nc7 10. h4 Bd7 11. a4 b6 12. Rb1 a6 13. Qc2 Rb8 14. f3 Qe8 15. b3 b5 16. axb5 axb5 17. Bd2 e5 18. dxe6 Bxe6 19. Qd3 bxc4 20. bxc4 Qe7 21. Rfd1 Bf7 22. Be1 Rxb1 23. Rxb1 Ra8 24. Rd1 Rd8 25. Bf2 Na6 26. Ncd5 Qe5 27. Nxf6+ Bxf6 28. Nd5 Nb4 29. Nxf6+ Qxf6 30. Qd2 Bxc4 31. Bxc5 Nc6 32. Bxd6 Ne5 33. Qb4 Bxe2 34. Rd2 Nd3 35. Qc4+ Qf7 1-0

[Event "Mfr.2004/05"]
[Site "?"]
[Date "2004.11.07"]
[Round "2.1"]
[White "Simic Milan"]
[Black "Pasedag Peter"]
[Result "0-1"]
[WhiteElo "2184"]
[BlackElo "2176"]
[PlyCount "96"]
[EventDate "2004.??.??"]
[Source "www.chesslib.no"]
[SourceDate "2004.05.04"]

1. d4 f5 2. c4 Nf6 3. g3 g6 4. Bg2 Bg7 5. Nh3 d6 6. d5 O-O 7. Nc3 Na6 8. O-O Nc5 9. Qc2 a5 10. Nf4 e5 11. dxe6 c6 12. b3 Qe7 13. Bb2 Bxe6 14. Nxe6 Qxe6 15. e3 Nfe4 16. Rad1 Rad8 17. Rfe1 Rfe8 18. Ne2 Bxb2 19. Qxb2 Nxf2 20. Kxf2 Qxe3+ 21. Kf1 Nd3 22. Rxd3 Qxd3 23. Qc3 Qxc3 24. Nxc3 Rxe1+ 25. Kxe1 Re8+ 26. Kd2 Kf7 27. Bf3 Kf6 28. a3 Ke5 29. Kd3 Ra8 30. Na4 g5 31. Nb6 Rd8 32. b4 axb4 33. axb4 g4 34. Bg2 h5 35. b5 d5 36. Kc3 h4 37. gxh4 f4 38. cxd5 cxd5 39. Na4 f3 40. Bf1 Rc8+ 41. Kd2 Ra8 42. Nc5 Ra1 43. Bd3 f2 44. Nxb7 f1=Q 45. Bxf1 Rxf1 46. b6 Rf2+ 47. Kc3 Rxh2 48. Nd8 Kd6 0-1

[Event "Rep. Tcheque-Croatie (match feminin)"]
[Site "?"]
[Date "2004.09.09"]
[Round "5"]
[White "Sargac Rajna"]
[Black "Stadler Brigita"]
[Result "0-1"]
[WhiteElo "2211"]
[BlackElo "2141"]
[PlyCount "132"]
[EventDate "2004.??.??"]
[Source "www.chesslib.no"]
[SourceDate "2004.05.04"]

1. d4 f5 2. c4 Nf6 3. g3 g6 4. Bg2 Bg7 5. Nh3 O-O 6. O-O d6 7. d5 c6 8. Nd2 e5 9. dxe6 Bxe6 10. Ng5 Re8 11. Nxe6 Rxe6 12. Nf3 Ne4 13. Nd4 Re8 14. e3 Na6 15. Rb1 Nc7 16. Qb3 Qc8 17. Qc2 d5 18. b4 Bxd4 19. exd4 dxc4 20. Qxc4+ Qe6 21. Qc2 Rad8 22. Bb2 Nb5 23. Rfd1 Nbd6 24. d5 cxd5 25. Qd3 Nc4 26. Ba1 Ne5 27. Qd4 Qb6 28. Qxb6 axb6 29. f3 Nf6 30. f4 Ned7 31. Bxd5+ Nxd5 32. Rxd5 Nf8 33. Rxd8 Rxd8 34. Be5 Rd2 35. a4 Kf7 36. a5 Nd7 37. Bc3 Ra2 38. Rd1 Ke6 39. axb6 Nxb6 40. Bd4 Nd5 41. Re1+ Kd7 42. b5 Rd2 43. Bc5 Rc2 44. Bf2 Nc3 45. Re5 Ne4 46. Ba7 Rd2 47. g4 Nd6 48. Bc5 fxg4 49. b6 Nf5 50. Bf2 h5 51. Rc5 Ke6 52. Rc8 Rd7 53. Rg8 Ne7 54. Rh8 Nd5 55. Rh6 Nxf4 56. Be3 Nh3+ 57. Kg2 Kf5 58. Rh8 Nf4+ 59. Kf1 Ne6 60. Ke2 g5 61. Rxh5 Nf4+ 62. Bxf4 Kxf4 63. Rh6 g3 64. h4 g2 65. Kf2 Rd2+ 66. Kg1 Rb2 0-1

[Event "Stadtcasino op 3rd"]
[Site "Baden"]
[Date "1998.??.??"]
[Round "8"]
[White "Loetscher, Roland"]
[Black "Bhend, Edwin"]
[Result "1/2-1/2"]
[WhiteElo "2055"]
[BlackElo "2275"]
[PlyCount "30"]
[EventDate "1998.04.10"]
[Source "ChessBase"]
[SourceDate "1998.07.07"]

1. d4 f5 2. c4 Nf6 3. g3 g6 4. Bg2 Bg7 5. Nh3 d6 6. d5 c6 7. Nc3 O-O 8. O-O e5 9. dxe6 Bxe6 10. Qb3 Qd7 11. Ng5 Bf7 12. Rd1 Na6 13. Nxf7 Rxf7 14. Bf4 Bf8 15. Rd2 Qe6 1/2-1/2

[Event "Germany"]
[Site "?"]
[Date "2000.??.??"]
[Round "?"]
[White "Wiedersich Jens"]
[Black "Welz Peter"]
[Result "1/2-1/2"]
[WhiteElo "2165"]
[BlackElo "2165"]
[PlyCount "35"]
[EventDate "2000.??.??"]
[Source "www.chesslib.no"]
[SourceDate "2004.05.04"]

1. d4 f5 2. c4 Nf6 3. g3 g6 4. Bg2 Bg7 5. Nh3 O-O 6. O-O d6 7. Nc3 e5 8. dxe5 dxe5 9. Qxd8 Rxd8 10. Nd5 Rd7 11. Bg5 Kf7 12. Nxf6 Bxf6 13. Bd5+ Ke7 14. Rad1 c6 15. Bg2 Na6 16. Be3 Nc7 17. Bc5+ Kf7 18. e3 1/2-1/2

[Event "Regionalliga NW 0203"]
[Site "?"]
[Date "2003.02.09"]
[Round "6.2"]
[White "Murmann Andreas"]
[Black "Pesch Werner"]
[Result "0-1"]
[WhiteElo "2092"]
[BlackElo "2224"]
[PlyCount "124"]
[EventDate "2003.??.??"]
[Source "www.chesslib.no"]
[SourceDate "2004.05.04"]

1. d4 f5 2. c4 Nf6 3. g3 g6 4. Bg2 Bg7 5. Nh3 O-O 6. O-O e6 7. Nc3 d5 8. cxd5 exd5 9. f3 c6 10. Nf2 Be6 11. b3 Qa5 12. Bb2 Nbd7 13. Qd3 Rae8 14. e4 fxe4 15. fxe4 dxe4 16. Nfxe4 Nxe4 17. Bxe4 Nf6 18. Bg2 Nd5 19. Ne4 Bf5 20. Rfe1 Kh8 21. Qc4 Bxe4 22. Bxe4 Nf6 23. Bc3 Qh5 24. Qd3 Nxe4 25. Rxe4 Qf5 26. Rae1 Qf2+ 27. Kh1 Rxe4 28. Rxe4 h5 29. Qe2 Qf1+ 30. Qxf1 Rxf1+ 31. Kg2 Rc1 32. Bb4 Rc2+ 33. Kf3 Rxa2 34. Bd6 Bf6 35. Re8+ Kg7 36. Rb8 Bxd4 37. Rxb7+ Kf6 38. Bf8 Bb6 39. h4 Rd2 40. Bg7+ Ke6 41. Kf4 Rf2+ 42. Kg5 Rf7 43. Rxf7 Kxf7 44. Be5 Be3+ 45. Bf4 Bd4 46. Bd2 Bf6+ 47. Kh6 Be5 48. Be1 Kf6 49. Bf2 a6 50. Be1 c5 51. Bf2 Bd4 52. Be1 Kf5 53. Bd2 Be5 54. Be1 a5 55. Bf2 c4 56. bxc4 a4 57. Bc5 Bxg3 58. Be7 Bf4+ 59. Kg7 g5 60. c5 g4 61. Kf7 g3 62. Bd6 g2 0-1

[Event "Corr"]
[Site "?"]
[Date "2004.01.23"]
[Round "?"]
[White "Tritt Maciej"]
[Black "Canizares Cuadra Pedro"]
[Result "1-0"]
[WhiteElo "2256"]
[BlackElo "2050"]
[PlyCount "63"]
[EventDate "2004.??.??"]
[Source "www.chesslib.no"]
[SourceDate "2004.05.04"]

1. d4 f5 2. c4 Nf6 3. g3 g6 4. Bg2 Bg7 5. Nc3 O-O 6. Nh3 d6 7. d5 c6 8. Nf4 e5 9. dxe6 Na6 10. h4 Ng4 11. Qd2 Nc5 12. h5 g5 13. h6 Bf6 14. Nh5 Nxe6 15. f3 Nxh6 16. Nxf6+ Qxf6 17. b3 Nf7 18. Bb2 Qd4 19. Qc2 Qg7 20. O-O-O Qg6 21. Rh2 Nc5 22. Rdh1 h6 23. g4 Kh7 24. gxf5 Bxf5 25. e4 Bd7 26. Kb1 a5 27. Ne2 Rae8 28. Ng3 b5 29. cxb5 cxb5 30. Nf5 b4 31. Bh3 Ne5 32. Nxh6 1-0